logo

Bir Sreshtho Munshi Abdur Rouf Library
Jhenaidah Cadet College

The riddle of the marshes / (Record no. 6882)

MARC details
000 -LEADER
fixed length control field 00655nam a2200241 a 4500
001 - CONTROL NUMBER
JCCL Control Number 6882
003 - CONTROL NUMBER IDENTIFIER
JCCL marc code BD-JhCC
005 - DATE AND TIME OF LATEST TRANSACTION
control field 20180201155354.0
008 - FIXED-LENGTH DATA ELEMENTS--GENERAL INFORMATION
fixed length control field 500101s1958 enka j 000 0 eng d
035 ## - SYSTEM CONTROL NUMBER
system control number (BD-JhCC)6882
040 ## - CATALOGING SOURCE
Original cataloging agency UKM
Transcribing agency UKM
Modifying agency EQO
-- BD-JhCC
041 ## - LANGUAGE CODE
Language code of Book eng
082 ## - DEWEY DECIMAL CLASSIFICATION NUMBER
DDC Edition number 823.91
Author mark and Year MAU 1958
100 1# - MAIN ENTRY--PERSONAL NAME
Personal name Maurice, John,
Dates associated with a name 1905-
245 14 - TITLE STATEMENT
Title The riddle of the marshes /
Statement of responsibility, etc John Maurice
260 ## - PUBLICATION, DISTRIBUTION, ETC. (IMPRINT)
Place of publication, distribution, etc London :
Name of publisher, distributor, etc Blackie & Son, Ltd, Glasgow,
Date of publication, distribution, etc 1958.
300 ## - PHYSICAL DESCRIPTION
Pagination 222 p. :
Other physical details ill. ;
Dimensions 19 cm
500 ## - GENERAL NOTE
General note illustrated by Robert Johnston
600 ## - SUBJECT ADDED ENTRY--PERSONAL NAME
Personal name Maurice, J. M., 1956-
650 ## - SUBJECT ADDED ENTRY--TOPICAL TERM
Topical term or geographic name as entry element English Fiction
942 ## - ADDED ENTRY ELEMENTS (KOHA)
Source of classification or shelving scheme Dewey Decimal Classification
Koha item type Books
Holdings
Source of classification or shelving scheme Damaged status Not for loan Home library Current library Shelving location Date of accession Total Checkouts Full call number Barcode Date last seen Copy number Koha item type
Dewey Decimal Classification     JCC Rouf Library JCC Rouf Library General Stacks 01/31/2018   823.91 MUR 1958 9512 01/31/2018 C-1 Books
Dewey Decimal Classification     JCC Rouf Library JCC Rouf Library General Stacks 02/06/2018   823.91 MUR 1958 8853 02/06/2018 C-2 Books

JCC Library | Contacts | JCC Home

Last Update on 23 September 2017
Copyright @ 2017-2020 JCC Rouf Library
Rouf Library, Jhenidah Cadet College (JCC), Bangladesh